Ciekawostki o dinozaurach - Statystyki

Ogólne statystyki
  • Ten quiz został rozwiązany 977 razy
  • Średni wynik to 11 z 20
Statystyki odpowiedzi
Wskazówka Odpowiedź % Poprawnych
Trzy okresy geologiczne, w których istniały dinozaury Kreda
90%
Prehistoryczny drapieżnik pojawiająchy się w niemal każdej części serii filmów „Park Jurajski” jako główny drapieżnik Tyranozaur
90%
Trzy okresy geologiczne, w których istniały dinozaury Jura
88%
Fikcyjne stworzenie przypominające dinozaura, które zniszczyło Tokio w filmie z 1954 r. Godzilla
76%
Trzy okresy geologiczne, w których istniały dinozaury Trias
71%
Państwo, w którym znaleziono najwięcej skamieniałości dinozaurów Stany Zjednoczone
68%
Dinozaur, którego nazwa pochodzi od greckich słów oznaczających „trzy”, „róg” i „twarz” Triceratops
66%
Niektóre dinozaury nie wyginęły i przetrwały do ​​dziś. Jak je nazywamy? Ptaki
61%
Kontynent, który 200 milionów lat temu obejmował niemal całą masę lądową Ziemi Pangea
60%
Dział nauki zajmujący się dinozaurami i innymi prehistorycznymi skamieniałościami Paleontologia
56%
Półwysep, na którym wylądowała asteroida Chicxulub – jak wielu uważa
spowodowała wyginięcie dinozaurów
Jukatan
52%
Dinozaur znany z pionowych płyt kostnych na grzbiecie Stegozaur
49%
Co ten dinozaur miał na swoim ciele w prawdziwym życiu, a czego nie było w filmie Pióra
48%
Kiedy wyginęły dinozaury? {66} milionów lat temu
44%
Mały gatunek dinozaura, który był głównym antagonistą w „Parku Jurajskim” Welociraptor
43%
Dinozaur, który zawdzięcza swoją nazwę zębom przypominającym zęby iguany Iguanodon
32%
Istoty, które powszechnie uważa się za latające dinozaury, choć technicznie rzecz biorąc nie były dinozaurami Pterozaury
28%
Grupa gigantycznych dinozaurów, do której należały Brachiozaur i Diplodok Zauropody
28%
Dinozaur, którego nazwa oznacza „piorunujący jaszczur” Brontozaur
19%
Dinozaur, którego niektórzy naukowcy uważają za tego samego, co powyższy Apatozaur
10%
Nie znaleziono quizów pasujących do podanych kryteriów
Rozkład punktacji
Procent ludzi z każdym wynikiem
Percentyl według liczby udzielonych odpowiedzi
Twoja historia wyników
Nie rozwiązałeś tego quizu